Movies Quiz

Random Movies or Clickable Quiz

Tom Hanks Movie Quotes Quiz Stats

 Plays Quiz Updated Jan 10, 2019

Support Sporcle.
Go Orange.
Score 0/20 Timer 06:00
0 Plays Today
% Correct
A League Of Their Own
93.4%
Apollo 13
92.5%
Forrest Gump
87.8%
Turner & Hooch
85.3%
Splash
83.5%
Sleepless In Seattle
81.5%
Toy Story
81%
Catch Me If You Can
73.6%
Charlie Wilson's War
67.1%
Saving Private Ryan
66.8%
% Correct
The Da Vinci Code
66.3%
The 'Burbs
61.7%
The Money Pit
61.7%
That Thing You Do
60%
Cast Away
50.8%
The Green Mile
45.7%
Big
43.6%
Philadelphia
42.1%
The Terminal
32.6%
Extremely Loud & Incredibly Close
32.1%

You're not logged in!

Compare scores with friends on all Sporcle quizzes.
OR
Log In
Forgot?

From the Vault

Opening Lyrics VII

by JulieJo

Music 6m
We've suddenly realized that we'd been singing these songs wrong this whole time.
Remove Ads.
Support Sporcle.
Get the best of Sporcle when you Go Orange. This ad-free experience offers more features, more stats, and more fun while also helping to support Sporcle. Thank you for becoming a member.

Show Comments

Extras

Top Quizzes Today


Score Distribution

Your Account Isn't Verified!

In order to create a playlist on Sporcle, you need to verify the email address you used during registration. Go to your Sporcle Settings to finish the process.

Report this User

Report this user for behavior that violates our Community Guidelines.

Details: